000 nam a22 a 4500
999 _c1431
_d1431
005 20170512144246.0
008 170509s1998 my ||||| |||| 00| 0 eng d
040 _aAKMAL
082 _a343.5950503 AKT
090 _a343.5950503
_bAKT
110 1 _aMalaysia
_9400
245 0 0 _aAkta Kastam 1967:perintah kastam (larangan mengenai import) 1998 [P.U. (A) 210/98] & perintah kastam ( larangan mengenai eksport) 1998 [P.U. (A) 211/98]
260 _aKuala Lumpur ;
_bPercetakan Nasional Berhad,
_c1998.
300 _avarious paging;
_c25cm
546 _aFront Cover title- Customs Act 1967: customs ( prohibitions of imports) order 1998 [ P.U.(A) 210/98] & customs (prohibitions of exports) order 1998 [ P.U.(A) 211/98].
650 1 _aTariff
_xLaw and legislation
_zMalaysia
_920
650 2 _aCustoms administration
_xLaw and legislation
_zMalaysia
_92825
710 0 0 _aMalaysia
_bKastam dan Eksais Diraja Malaysia
_92826
942 _2ddc
_cBOOK
950 _lAKMAL